Curso de redacción. Método práctico para redactar con soltura.

Guardado en:
Detalles Bibliográficos
Autor principal: Miranda Podadera, Luis. Autor
Formato: Libro
Lenguaje:español
Publicado: Madrid Hernando 1985
Edición:18ª
Catálogo:MANES:  Resultados de Búsqueda del Catálogo
Clasificación de libros de texto:
Etiquetas: Agregar Etiqueta
Sin Etiquetas, Sea el primero en etiquetar este registro!
Añadido a:2020-11-03
Cambiado en:2025-05-07

MARC

LEADER 00000nam a22000007a 4500
005 20250507133406.0
008 201104b ||||| |||| 00| 0 spa d
561 |5 es-CICE  |3 FMa/EL174  |a España. Centro Internacional de la Cultura Escolar  |k MANES 
999 |c 90813  |d 90813 
040 |a centro_manes  |c Centro_internacional de la cultura escolar 
100 |9 4654  |a Miranda Podadera, Luis. Autor 
245 |a Curso de redacción. Método práctico para redactar con soltura. 
250 |a 18ª 
260 |a Madrid  |b Hernando  |c 1985 
300 |a 239 p.  |c 21 x 15 cm 
500 |a Libro de consulta para el profesor. 
546 |a España 
690 0 |a EyL 
691 0 |a SE 
942 |2 ddc  |c BK 
999 |c manes:90813  |d 90813